000 00951nmc a2200301 a 4500
003 AR-BaBNM
005 20251128203759.0
008 147019s1965 ||||||||||||||000 | spa||
040 _cAR-BaBNM
100 1 _aDumazedier, Joffre
245 1 0 _aTelevisión y educación popular
_blos teleclus en Francia
260 _aBuenos Aires
_bEdiciones Solar
_bHachette
_c1965
300 0 _a255 p.
_bil.
490 0 _aDimensión de los problemas
500 1 _aEsta obra fue originalmente publicada en la colección "Prensa, cine, radio en el mundo de hoy" por la Unesco en 1956
650 4 _aTELEVISION EDUCATIVA
650 4 _aTECNOLOGIA EDUCATIVA
650 4 _aACTIVIDADES CULTURALES
650 4 _aAUXILIARES AUDIOVISUALES
651 4 _aFrancia
653 0 _aEDUCACION POPULAR
653 0 _aINNOVACIONES EDUCATIVAS
700 1 _aKedros, A.
700 1 _aSylwan, B.
800 1 _aWeinberg, Gregorio
_edirector
942 _cBK
998 _cCarmen
999 _c4920
_d4920